Essex Class Aircraft Carriers - Sudden Death - Statistics

General Stats
  • This quiz has been taken 75 times
    21 since last reset
  • The average score is 4 of 9
Answers on the Grid
Answers color-coded by a green-red scale on the quiz's grid according to % correct below.
USS Boxer
USS Enterprise
USS Bunker Hill
USS Ticonderoga
USS Langley
USS San Jacinto
USS Intrepid
USS Cabot
USS Independence
USS Saipan
USS Bennington
USS Hancock
USS Cowpens
USS Belleau Wood
USS Essex
USS Saratoga
USS Randolph
USS Kearsarge
 
Answer Stats
Answer % Correct
USS Essex
60%
USS Ticonderoga
60%
USS Boxer
50%
USS Intrepid
50%
USS Bennington
40%
USS Bunker Hill
40%
USS Hancock
40%
USS Kearsarge
40%
USS Randolph
30%
No matching quizzes found
Score Distribution
Percent of People with Each Score
Percentile by Number Answered
Your Score History
You have not taken this quiz since the last reset